Personnalités célèbres commençant par G - Statistiques

Statistiques générales
  • Ce quiz a été pris 61 fois
  • Le résultat moyen est 7 sur 16
Statistiques - réponses
Par images Réponse % Correct
Lady Gaga
93%
Bill Gates
67%
Michel Galabru
66%
France Gall
50%
Mel Gibson
47%
Marion Game
45%
Pep Guardiola
45%
Elodie Gossuin
41%
Pierre Garnier
41%
Gotaga
36%
Baptiste Giabiconi
33%
Alex Goude
29%
Stéphane Guillon
29%
Judith Godrèche
28%
Guillaume Gille
24%
Ana Girardot
9%
Aucun quiz correspondant
Distribution des résultats
% des personnes avec chaque résultat
Percentile par nombre de réponses
Votre historique - résultats
Vous n’avez pas pris ce quiz